000 01019nam a2200217Ia 4500
003 Ost
005 20260507075113.0
008 260507s9999||||xx |||||||||||||| ||und||
040 _cfsecg
041 _aara
082 _a330
100 _aشيانج، ألفا
_eمؤلف
245 0 _aالطرق الأساسية في الاقتصاد الرياضي /
_c ألفا شيانج
260 _aالرياض:
_bدار المريخ للنشر,
_c1995
300 _a666 صفحة؛
_bإيضاحات ؛
_c24 سم
504 _aببليوغرافيا:ص.13-16
520 _aطبيعة الاقتصاد الرياضي،النماذج الاقتصادية،التحليل الساكن،تحليل التوازن الساكن المقارن،مشاكل الأمثلية"تحديد الأوضاع المثلى"،الدوال الأسية والدوال اللوغاريتمية
653 _aالاقتصاد الرياضي
700 _aإبراهيم، نعمة الله نجيب
_eمؤلف ثانوي
942 _cكتاب
999 _c42956
_d42956